|
|
|
|
| LEADER |
01748nam a2200277 a 4500 |
| 001 |
1509402 |
| 003 |
BD-DhAAL |
| 008 |
090908s1989 nyua 000 0 eng d |
| 999 |
|
|
|c 3961
|d 3961
|
| 010 |
|
|
|a 89030464
|
| 040 |
|
|
|a DLC
|c DLC
|d DLC
|
| 082 |
0 |
0 |
|a 158
|2 20
|
| 100 |
1 |
|
|a Covey, Stephen R.
|9 45317
|
| 245 |
1 |
4 |
|a The seven habits of highly effective people :
|b restoring the character ethic /
|c Stephen R. Covey.
|
| 260 |
|
|
|a New York :
|b Simon and Schuster,
|c c1989.
|
| 300 |
|
|
|a 340 pages :
|b illustrations ;
|c 25 cm.
|
| 541 |
1 |
|
|e 00019171
|
| 650 |
|
0 |
|a Success
|x Psychological aspects.
|9 45318
|
| 650 |
|
0 |
|a Character.
|9 45319
|
| 852 |
4 |
|
|a Ayesha Abed Library
|j General shelf
|
| 942 |
|
|
|2 ddc
|c BK
|
| 952 |
|
|
|0 0
|1 0
|2 ddc
|4 0
|6 158_000000000000000_COV
|7 0
|9 3644
|a BRACUL
|b BRACUL
|c GEN
|d 2009-09-09
|e Trust Line International
|g 350.00
|l 7
|m 87
|o 158 COV
|p 3010019168
|r 2019-12-03
|s 2019-12-03
|t 1
|v 700.00
|w 2009-09-16
|y BK
|
| 952 |
|
|
|0 0
|1 0
|2 ddc
|4 0
|6 158_COV_198900000000000
|7 0
|9 3645
|a BRACUL
|b BRACUL
|c GEN
|d 2009-09-09
|e Trust Line International
|g 350.00
|l 10
|m 81
|o 158 COV
|p 3010019169
|r 2025-10-21
|s 2025-09-02
|t 2
|v 700.00
|w 2009-09-16
|y BK
|
| 952 |
|
|
|0 0
|1 0
|2 ddc
|4 0
|6 158_COV_198900000000000
|7 0
|9 3646
|a BRACUL
|b BRACUL
|c GEN
|d 2009-09-09
|e Trust Line International
|g 350.00
|l 13
|m 96
|o 158 COV
|p 3010019170
|r 2026-02-01
|s 2026-01-12
|t 3
|v 700.00
|w 2009-09-16
|y BK
|
| 952 |
|
|
|0 0
|1 0
|2 ddc
|4 0
|6 158_COV_198900000000000
|7 0
|9 3647
|a BRACUL
|b BRACUL
|c GEN
|d 2009-09-09
|e Trust Line International
|g 350.00
|l 20
|m 204
|o 158 COV
|p 3010019171
|q 2026-05-17
|r 2026-01-14
|s 2026-01-14
|t 4
|v 700.00
|w 2009-09-16
|y BK
|
| 952 |
|
|
|0 0
|1 0
|2 ddc
|4 0
|6 158_COV_198900000000000
|7 0
|9 3648
|a BRACUL
|b BRACUL
|c GEN
|d 2009-09-09
|e Trust Line International
|g 350.00
|l 18
|m 146
|o 158 COV
|p 3010019172
|r 2025-08-04
|s 2025-04-06
|t 5
|v 700.00
|w 2009-09-16
|y BK
|